banner-ar

التجديدات المعمارية والفنية لمقابر الافراد خلال العصور المتاخرة : (Record no. 67006)

MARC details
000 -الفاتح
حقل البيانات ثابتة الطول 01200nam a2200265 4500
005 - وقت وتاريخ اخر تعامل مع التسجيلة
رقم الضبط 20240530110951.0
008 - عناصر البيانات ثابتة الطول - معلومات عامة
حقل البيانات ثابتة الطول 221214s2022 ua ah f b 00| 0 ara d
017 ## - رقم الايداع القانونى
رقم الايداع القانونى 2022/5018
المصدر ( الهيئة المختصة) مصر. دار الكتب
020 ## - الرقم الدولى المعيارى للكتب
الرقم الدولى المعيارى للكتاب 9789776809932
040 ## - مصدر الفهرسة
وكالة الفهرسة الأصلية EG-CaGPL
وكالة النسخ EG-CaGPL
082 04 - رقم تصنيف ديوى العشرى
رقم الطبعة 21
رقم التصنيف 726.8
رقم المادة ق/أ ت
100 0# - المدخل الرئيسى - إسم شخصى
الإسم الشخصى احمد محمد عبدالعال
245 12 - بيان العنوان
العنوان التجديدات المعمارية والفنية لمقابر الافراد خلال العصور المتاخرة :
بقية العنوان العساسيف وابو صير : دراسة مقارنة /
بيان المسئوليه,etc تاليف احمد محمد عبدالعال ؛ مراجعة جلال احمد ابو بكر، صدقة موسى على
250 ## - بيان الطبعة
بيان الطبعة ط 1
260 ## - PUBLICATION, DISTRIBUTION, ETC. (IMPRINT)
تاريخ النشر أو التوزيع 2022.
300 ## - الوصف المادى
التعداد 363 ص. :
تفاصيل ماديه اخرى للوعاء ايض ؛
أبعاد الوعاء 24 سم.
504 ## - تبصرة ببليوجرافية
تبصرة ببليوجرافية,الخ يشتمل على ارجاعات ببليوجرافية
650 07 - المدخل الاضافى بالموضوع-مصطلح موضوعى
مصدر الرأس أو المصطلح qrmak
مصطلح موضوعي المقابر
650 07 - المدخل الاضافى بالموضوع-مصطلح موضوعى
مصدر الرأس أو المصطلح qrmak
مصطلح موضوعي العمارة
653 0# - مصطلح تكشيفى غير مقيد
مصطلح غير مقيد المقابر - فنون
700 0# - المدخل الاضافى - اسم شخصى
الإسم الشخصى جلال احمد ابو بكر
الدور مراجع
700 0# - المدخل الاضافى - اسم شخصى
الإسم الشخصى صدقة موسى على
الدور مراجع
942 ## - عناصر المدخل الإضافي( كوها)
مصدر التصنيف او مخطط الترفيف Dewey Decimal Classification
Koha [default] item type كتاب
260 ## - PUBLICATION, DISTRIBUTION, ETC. (IMPRINT)
-- القاهرة :
-- المؤسسة الدولية للكناب،
Holdings
حالة التراجع حالة الفقد حالة تلف ليس للاعارة المكان المؤقت الموقع الحالى موقع الترفيف تاريخ الاكتساب اجمالي اﻻعارات رقم الطلب الباركود تاريخ اخر مشاهدة تاريخ تفعيل السعر نوع وعاء كوها
        مكتبة القاهرة الكبرى مكتبة القاهرة الكبرى   12/14/2022   726.8 ق/أ ت 169026 12/14/2022 12/14/2022 كتاب

Powered By

EGPV